000 00943nam a22002537a 4500
005 20170123164146.0
010 _aB-124913
020 _c140.00
_a8181380193
035 _aB-124913
037 _bCen Lib / Ret
_a
040 _aDPL
_bPN
082 _a
_bਗਿੱਲਮ
100 _aਗਿੱਲ, ਮਨਜੀਤ ਕੌਰ
_942591
245 _aਨਿਮੋ :
_cਮਨਜੀਤ ਕੌਰ ਗਿੱਲ
_bਨਾਵਲ /
246 _aNimo : novel /
_bManjit Kaur Gill /.
260 _aਦਿੱਲੀ
_bਐਮ. ਪੀ. ਪ੍ਰਕਾਸ਼ਨ
_c2005
270 _bਦਿੱਲੀ
_aਸ਼ੋਪ ਨ. 7, 12/190, ਗੀਤਾ ਕਾਲੋਨੀ
_e110031
300 _a103p.
_c22cm(Hb)
650 _aਸਾਹਿਤ -- ਪੰਜਾਬੀ
_9121704
650 _aਪੰਜਾਬੀ ਨਾਵਲ
_9121705
650 _aLiterature -- Punjabi
_9114104
650 _aPunjabi Novel
_96285
942 _2ddc
_cPN
_h
_mਗਿੱਲਮ
999 _c109975
_d109975